| Record ID | ia:tesla0000ling |
| Source | Internet Archive |
| Download MARC XML | https://archive.org/download/tesla0000ling/tesla0000ling_marc.xml |
| Download MARC binary | https://www.archive.org/download/tesla0000ling/tesla0000ling_meta.mrc |
LEADER: 02298cam 2200481Mi 4500
001 ocn956758835
003 OCoLC
005 20211128192356.0
008 160802t20162013qeaa d 000 f eng
040 $aAU@$beng$erda$cAU@$dOCLCO$dOCLCF$dOCLCQ
020 $a9780992593520
020 $a0992593522
020 $z9780992593599
020 $z9780992377953
020 $z9780992377946
035 $a(OCoLC)956758835
042 $aanuc
043 $au-at---
082 04 $aA823.4$223
100 1 $aLingane, Mark,$eauthor.
245 10 $aTesla /$cMark Lingane.
250 $a2nd edition.
264 1 $aThe Gap, Queensland :$bInsync Holdings,$c[2016]
264 4 $c©2013
300 $a383 pages :$billustrations ;$c22 cm
336 $atext$btxt$2rdacontent
337 $aunmediated$bn$2rdamedia
338 $avolume$bnc$2rdacarrier
490 1 $aTesla Evolution ;$vBook 1
520 $a"What if a whole race wanted you dead, where would you go? And what if you didn't know why? What if everything you thought you knew about yourself was wrong? One thousand years has passed since nuclear war wiped out civilization in the northern hemisphere. The planet heats and water becomes a rare resource. Out of the ruins of a devastated civilization rises a new breed of people-those with the power to control magnetism: Teslas. Strange part-machine, part-human people hunt down Sebastian, a young orphan boy from a quiet rural Australian town. His only hope is Melanie, an angry, dying teenage girl who is dragged into the adventure and sets out to deliver him to the Steam Academy. Seb must confront an unknown past and fight against everything he believed in. And occasionally wash his hair. No one said it would be easy."--Back cover.
521 $aFor young adults.
650 0 $aScience fiction, Australian$y21st century.
650 0 $aCyberpunk fiction.
650 0 $aApocalyptic fiction.
650 7 $aCyberpunk fiction.$2fast$0(OCoLC)fst01893402
650 7 $aScience fiction, Australian.$2fast$0(OCoLC)fst01108648
648 7 $a2000-2099$2fast
653 $aAustralian
710 2 $aInsync Holdings,$eissuing body.
800 1 $aLingane, Mark.$tTesla Evolution ;$vbk. 1.
029 0 $aAU@$b000058414250
994 $aZ0$bP4A
948 $hNO HOLDINGS IN P4A - 4 OTHER HOLDINGS